Customs modernization handbook

Сохранить в:
Библиографические подробности
Главный автор: Wulf, Luc De
Формат:
Язык:Undetermined
Опубликовано: Wasington The World Bank 2005
Предметы:
Метки: Добавить метку
Нет меток, Требуется 1-ая метка записи!
Thư viện lưu trữ: Trung tâm Học liệu Trường Đại học Cần Thơ
LEADER 00533nam a2200193Ia 4500
001 CTU_76212
008 210402s9999 xx 000 0 und d
082 |a 352.4 
082 |b W961 
100 |a Wulf, Luc De 
245 0 |a Customs modernization handbook 
245 0 |c Luc De Wulf, José B. Sokol 
260 |a Wasington 
260 |b The World Bank 
260 |c 2005 
650 |a Customs administration 
650 |x Developing countries 
904 |i Nguyên,Hải 
980 |a Trung tâm Học liệu Trường Đại học Cần Thơ